| 000 | 01199cam a2200325 a 4500 | ||
|---|---|---|---|
| 001 | 3470819 | ||
| 003 | ARRUPE | ||
| 005 | 20131023174237.0 | ||
| 008 | 931029s1994 nhua b 001 0 eng | ||
| 010 | _a 93041386 | ||
| 020 | _a0819552712 (alk. paper) | ||
| 020 | _a0819562750 (pbk. : alk. paper) | ||
| 040 |
_aDLC _cDLC _dDLC |
||
| 043 | _an-us--- | ||
| 050 | 0 | 0 |
_aML3531 _b.R67 1994 |
| 082 | 0 | 0 |
_a782.42164 _220 |
| 100 | 1 |
_aRose, Tricia. _92931 |
|
| 245 | 1 | 0 |
_aBlack noise : _brap music and black culture in contemporary America / _cTricia Rose. |
| 260 |
_aHanover, NH : _bUniversity Press of New England, _cc1994. |
||
| 300 |
_axvi, 237 p. : _bill. ; _c24 cm. |
||
| 440 | 0 |
_aMusic/culture _92932 |
|
| 500 | _a"Wesleyan University Press." | ||
| 504 | _aIncludes bibliographical references (p. 219-227) and index. | ||
| 650 | 0 |
_aRap (Music) _xHistory and criticism. _92933 |
|
| 650 | 0 |
_aAfrican Americans _xMusic _xHistory and criticism. _92934 |
|
| 650 | 0 |
_aPopular culture _zUnited States. _92935 |
|
| 906 |
_a7 _bcbc _corignew _d1 _eocip _f19 _gy-gencatlg |
||
| 942 |
_2lcc _cMONOGRAPH |
||
| 999 |
_c118445 _d118445 |
||